000 01364nam0a2200301 4500
001 RU\NLR\BIBL_A\011460508
005 20240921151738.0
010 _a9785805709686
_9200
021 _aRU
_b2017-56791
_94039
035 _a(RuMoRGB)008952719
035 _a(NLR Aleph) 011460508
090 _a11800482
_c11800482
100 _a20170823d2017 u y0rusy50 ca
101 1 _arus
_ceng
102 _aRU
105 _ay z 000by
200 1 _aСпасти Джейсона
_eуморительная комедия
_e[пьеса в одном действии]
_fПитер Куилтер
_gперевод с английского Алексея Бадаева
_gСвердловский государственный академический театр драмы
210 _aЕкатеринбург
_c[б. и.]
_d2017
215 _a83 с.
_d20
225 1 _aСерия "Библиотека Свердловского академического театра драмы"
_fгл. ред. канд. филол. наук, проф. Алексей Бадаев
686 _aШ5(4Вл)64-664
_2rubbk
686 1 _aШ6(4Вл)67-62{Лх1299-215}
700 1 _7ca
_8rus
_aКуилтер
_bП.
_f1965-
_gПитер
_9177891
_3RU\NLR\AUTH\770177942
942 _cBOOK
980 _aNBR